Diccionario de los símbolos
Gorde:
| Egile Nagusiak: | , |
|---|---|
| Formatua: | Liburua |
| Hizkuntza: | gaztelania |
| Argitaratua: |
Barcelona
Herder
1995
|
| Edizioa: | 5a. ed |
| Gaiak: | |
| Etiketak: |
Etiketa erantsi
Etiketarik gabe, Izan zaitez lehena erregistro honi etiketa jartzen!
|
MARC
| LEADER | 00000nam a2200000 a 4500 | ||
|---|---|---|---|
| 001 | UCH5411 | ||
| 003 | CL-VaPUC | ||
| 008 | 091014e19950000SP |||||||||||||||||spa|d | ||
| 020 | |a 8425415144 | ||
| 082 | 0 | 4 | |a 036 |b CHE |2 21 |
| 100 | 0 | |a Chevalier, Jean |e author |9 541687 | |
| 700 | |a Gheerbrant, Alain |e author |9 541688 | ||
| 245 | 1 | 0 | |a Diccionario de los símbolos |
| 250 | |a 5a. ed | ||
| 300 | |a 1107 p | ||
| 942 | |c BK | ||
| 945 | |d 20091014 00:00:00 |a lazolas | ||
| 260 | |a Barcelona |b Herder |c 1995 | ||
| 650 | 0 | |a Símbolos |9 267425 | |
| 650 | 0 | |a Diccionarios |9 256200 | |
| 650 | 0 | |a Español |9 255372 | |
| 583 | |a last modification |c 20091014 00:00:00 |k Rodrigo Vera | ||
| 999 | |c 336554 |d 336552 | ||